Países con más Fronteras que Letras en su nombre - Estadísticas

Estadísticas generales
  • Esta prueba ha sido intentada 146 veces
  • La puntuación promedio es 13 de 19
Estadísticas de respuestas
Fronteras País % Correcto
14 China
97%
14 Rusia
95%
10 Brasil
82%
6 Chad
81%
6 India
81%
6 Irak
77%
7 Iran
77%
7 Mali
75%
10 Francia
74%
7 Niger
70%
9 Alemania
65%
7 Sudan
65%
8 Austria
64%
5 Perú
64%
5 Laos
63%
8 Serbia
60%
6 Libia
55%
8 Turquia
47%
8 Zambia
42%
No se encontraron pruebas coincidentes
Distribución de puntuación
Porcentaje de gente con cada puntuación
Porcentaje por número respondido
Historial de tus puntuaciones
No has intentado esta prueba.